000 00683nam a2200241Ia 4500
003 OSt
005 20220928124116.0
006 a|||||r|||| 00| 0
007 ta
008 220927b |||||||| |||| 00| 0 eng d
024 _a46666
037 _cTextual
040 _aSDCL
_cSDCL
_beng
041 _2eng
_aeng
082 _aR14, L4
100 _aRasiowa Helena
_9463398
245 0 _aAlgebraic approach to non-classical logics.
260 _aNew York
_b North-Holland Publishing
_c1974
300 _axv,403p.
_ccm.
490 _aStudies in logic and the foundations of mathematics
942 _hR14, L4
_cTEXL
_2CC
999 _c776309
_d776309